000 00402nam a2200169Ia 4500
008 210210b1955 xxu||||| |||| 00| 0 eng d
041 _aeng
082 _a520/99
100 _aKING (Henry C)
245 _aHistory of the telescope
260 _aLondon
_bCharles Griffin & co ltd
_c1955
300 _axvi,456
650 _atelescope
650 _aHistory
690 _aAstronomy
906 _a008084
999 _c125904
_d125904